000 00296nam a2200121Ia 4500
008 231221s9999 xx 000 0 und d
041 _aEnglish
082 _a001.6424JAV SWA `R'
100 _aSwan, Tom
245 0 _aMastering Java with Visual J++
650 _aJava Visual J++
942 _cCD
999 _c202149
_d202149